Toán chuyên đề hình học lớp 5

שמור ב:
מידע ביבליוגרפי
מחבר ראשי: Phạm, Đình Thực
פורמט: ספר
שפה:Undetermined
יצא לאור: Thành phố Hồ Chí Minh Trẻ 1997
נושאים:
תגים: הוספת תג
אין תגיות, היה/י הראשונ/ה לתייג את הרשומה!
Thư viện lưu trữ: Trung tâm Học liệu Trường Đại học Cần Thơ
LEADER 00585nam a2200193Ia 4500
001 CTU_139974
008 210402s9999 xx 000 0 und d
082 |a 372.72 
082 |b Th552 
100 |a Phạm, Đình Thực 
245 0 |a Toán chuyên đề hình học lớp 5 
245 0 |c Phạm Đình Thực 
260 |a Thành phố Hồ Chí Minh 
260 |b Trẻ 
260 |c 1997 
650 |a Mathematic,Toán học 
650 |x Study and teaching,Học và dạy 
904 |i Tuyến 
980 |a Trung tâm Học liệu Trường Đại học Cần Thơ